Rick & Morty Makeover: Name That Celebrity - Statistics

General Stats
  • This quiz has been taken 50 times
  • The average score is 9 of 16
Answer Stats
Picture Answer % Correct
Mr Bean
91%
Diana, Princess of Wales
89%
Bob Ross
85%
Freddie Mercury
85%
Jackie Chan
78%
John Cena
76%
Vincent van Gogh
72%
Nelson Mandela
59%
Tiger Woods
54%
Simone Biles
48%
Margot Robbie
46%
The Undertaker
46%
Muammar al-Gaddafi
30%
Narendra Modi
24%
Sebastian Vettel
17%
Shohei Ohtani
13%
No matching quizzes found
Score Distribution
Percent of People with Each Score
Percentile by Number Answered
Your Score History
You have not taken this quiz